| 000 | 01124cam a2200325 a 4500 | ||
|---|---|---|---|
| 001 | 7316940 | ||
| 005 | 20170105102855.0 | ||
| 008 | 080905s2009 enk b 001 0 eng | ||
| 020 | _a9781845117511 (pbk.) | ||
| 020 | _a1845117514 (pbk.) | ||
| 024 | _a40016987311 | ||
| 035 | _a(OCoLC)ocn262719988 | ||
| 035 | _a(OCoLC)262719988 | ||
| 035 | _a(NNC)7316940 | ||
| 040 |
_aUKM _cUKM _dBTCTA _dYDXCP _dBWKUK |
||
| 050 | 4 |
_aDS371.412 _b.M37 2009 |
|
| 082 | 0 | 4 |
_a958.1047 _222 |
| 100 | 1 |
_aMarsden, Peter, _d1945 September 22- |
|
| 245 | 1 | 0 |
_aAfghanistan : _baid, armies and empires / _cPeter Marsden. |
| 260 |
_aLondon ; _aNew York : _bI.B. Tauris ; _aNew York : _bDistributed in the USA by Palgrave Macmillan, _c2009. |
||
| 300 |
_a234 p. ; _c22 cm. |
||
| 504 | _aIncludes bibliographical references (p. [229]-230) and index. | ||
| 650 | 0 | _aAfghan War, 2001- | |
| 650 | 0 |
_aHumanitarian assistance _zAfghanistan _xHistory. |
|
| 650 | 0 |
_aHumanitarian assistance _xPolitical aspects _zAfghanistan. |
|
| 651 | 0 |
_aAfghanistan _xPolitics and government. |
|
| 942 |
_2ddc _cBK |
||
| 948 | 1 |
_a20090901 _bc _cdc21 _dMPS |
|
| 999 |
_c14445 _d14445 |
||